| 000 | 00355nam a2200133Ia 4500 | ||
|---|---|---|---|
| 008 | 151213s9999 xx 000 0 und d | ||
| 100 | _aUnterecker | ||
| 245 |
_aYeats of Collection of Critical Essays _cUnterecker |
||
| 260 |
_aEnglewood Cliffs N. J. _bPrentic Hall _c1963 |
||
| 300 | _a1882 p. | ||
| 650 | _aEnglish | ||
| 700 | _aUnterecker | ||
| 999 |
_c1387 _d1387 |
||